000 00754nam a2200241 a 4500
001 000024026
003 DO-SdBNP
005 20240412074309.0
008 110118s2019 dr a 000 0 spa d
020 _a9789945460940
040 _aDO-SdBNP
_bspa
_cBNPHU
082 _aRD861.5
_bL864g
100 1 _aLópez Larache, José F.
_d1955-
_949368
245 1 4 _aLas Garzas del batey no tienen apellido /
_cJosé F. López Larache.
260 _aSanto Domingo :
_bSantuario,
_c2019.
300 _a80 p. :
_bil. ;
_c23 cm.
500 _aIncluye datos biográficos del autor en la solapa de la cubierta.
590 _aInventariado 2022/ DG
650 0 _aPoesía dominicana
_966
650 0 _aLiteratura dominicana.
_967
910 _aDG
942 _2ddc
_cLBS1
999 _c51200
_d51200